• 首页
  • 本馆介绍
  • 公告通知
  • 最新文献
  • 馆藏检索
  • 电子资源
  • 读者导购
  • 参考咨询
  • 我的图书馆
  • 登录
  • 详细信息显示
  • 放入我的书架
  • 预约/预借图书
  • 作者相关作品
  • 分类相关作品
  • 丛书相关作品
  • 出版社相关作品

书目信息

  • 表格格式
  • 工作单格式
  • 卡片格式
题名:
计算机辅助园林设计
    
 
作者: 章广明 , 阮煜 , 刘永宽 主编
分册:  
出版信息: 北京   中国林业出版社  2016.12
页数: 310页
开本: 26cm
丛书名:
单 册:
中图分类: TU986.2-39
科图分类:
主题词: 园林设计--计算机辅助设计--应用软件--高等职业教育--教材
电子资源:
ISBN: 978-7-5038-8819-9
000 01161nam0 2200253 450
001 1065
005 20180927110308.73
010    @a978-7-5038-8819-9@dCNY43.00
100    @a20170328d2016 em y0chiy50 ea
101 0  @achi
102    @aCN@b110000
105    @ay z 000yy
200 1  @a计算机辅助园林设计@9ji suan ji fu zhu yuan lin she ji@f章广明,阮煜,刘永宽主编
210    @a北京@c中国林业出版社@d2016.12
215    @a310页@d26cm
300    @a全国职业教育园林类专业“十三五”规划教材
330    @a本书介绍了AutoCAD、Photoshop、3ds Max及SketchUp等软件的基本知识,并结合全国职业院校技能竞赛园林景观设计项目的获奖作品等设计案例,介绍了这几种软件在园林设计绘图中的应用方法和技巧。共有AutoCAD基本操作与园林设计应用、3ds Max基本操作与园林设计应用、Photoshop基本操作与园林设计应用、SketchUp基本操作与园林设计应用、方案文本及设计展板制作5个模板。
606 0  @a园林设计@x计算机辅助设计@x应用软件@x高等职业教育@j教材
690    @aTU986.2-39@v5
701  0 @a章广明@9zhang guang ming@4主编
701  0 @a阮煜@9ruan yu@c(园林设计)@4主编
701  0 @a刘永宽@9liu yong kuan@c(计算机)@4主编
801  0 @aCN@b91MARC@c20170328
905    @aMuseLib@dTU986.2-39@e1440
    
    计算机辅助园林设计/章广明,阮煜,刘永宽主编.-北京:中国林业出版社,2016.12
    310页;26cm
    全国职业教育园林类专业“十三五”规划教材
    
    ISBN 978-7-5038-8819-9:CNY43.00
    本书介绍了AutoCAD、Photoshop、3ds Max及SketchUp等软件的基本知识,并结合全国职业院校技能竞赛园林景观设计项目的获奖作品等设计案例,介绍了这几种软件在园林设计绘图中的应用方法和技巧。共有AutoCAD基本操作与园林设计应用、3ds Max基本操作与园林设计应用、Photoshop基本操作与园林设计应用、SketchUp基本操作与园林设计应用、方案文本及设计展板制作5个模板。
●
相关链接 在E读中查询图书 在五车中查询图书 在当当中查询图书 在豆瓣中查询图书


正题名:计算机辅助园林设计     索取号:TU986.2-39/1440         预约/预借

序号 登录号 条形码 馆藏地/架位号 状态 备注
1 1120999   211209994   第二样本阅览室/ [索取号:TU986.2-39/1440] 在馆    
2 1121000   211210009   第三借阅区/ [索取号:TU986.2-39/1440] 在馆    
3 1121001   211210018   第三借阅区/ [索取号:TU986.2-39/1440] 在馆    
4 1121002   211210027   第三借阅区/ [索取号:TU986.2-39/1440] 在馆    
5 1121003   211210036   第三借阅区/ [索取号:TU986.2-39/1440] 在馆    
唐山师范学院图书馆 欢迎您!
大连网信软件有限公司© 版权所有